| 000 | 00677cab a2200217 4500 | ||
|---|---|---|---|
| 001 | WB3340-12 | ||
| 008 | 090401t1997 xxu||||| |||| 00| 0 eng d | ||
| 035 | _a(Sirsi) u81467 | ||
| 041 | _aeng | ||
| 245 | _aStorm benefits environment | ||
| 260 | _c1997 | ||
| 350 | _a0 | ||
| 490 |
_aFinancial Times _v15 October 1997, 8(1) |
||
| 520 | _aConservationists claim that the great storm of 1987 was good for the environment because new plant species have flourished in the spaces cleared by the fallen trees. | ||
| 650 | _aHURRICANES | ||
| 650 | _aSTORM DAMAGE | ||
| 650 | _aWOODLAND | ||
| 690 | _aENVIRONMENTAL AND LAND CONSULTANCY | ||
| 942 | _n0 | ||
| 948 | _c16/10/1997 | ||
| 999 |
_c51328 _d51328 |
||